| 000 | 00687nam a2200253Ia 4500 | ||
|---|---|---|---|
| 003 | OSt | ||
| 005 | 20220928114306.0 | ||
| 006 | a|||||r|||| 00| 0 | ||
| 007 | ta | ||
| 008 | 220927b |||||||| |||| 00| 0 eng d | ||
| 024 | _a42104 | ||
| 037 | _cTextual | ||
| 040 |
_aSDCL _cSDCL _beng |
||
| 041 |
_2eng _aeng |
||
| 082 | _aXM8:6, N1 | ||
| 100 |
_aD'ambrosio Charles A _9370014 |
||
| 245 | 0 | _aPrinciples of corporate finance | |
| 250 | _a4 | ||
| 260 |
_aNew York _b McGraw-Hill _c1991 |
||
| 300 |
_aviii,377p _ccm. |
||
| 700 |
_a Hodges Stewart D _9437932 |
||
| 942 |
_hXM8:6, N1 _cTEXL _2CC |
||
| 999 |
_c753800 _d753800 |
||